Materika/ (Record no. 3789)

MARC details
000 -LEADER
campo de control de longitud fija 01146nam a22003617a 4500
003 - IDENTIFICADOR DE NÚMERO DE CONTROL
campo de control OSt
005 - FECHA Y HORA DE LA ÚLTIMA TRANSACCIÓN
campo de control 20230531164115.0
008 - DATOS DE LONGITUD FIJA--INFORMACIÓN GENERAL
campo de control de longitud fija 221006b |||||||| |||| 00| 0 eng d
040 ## - FUENTE DE CATALOGACIÓN
Centro/agencia transcriptor Biblioteca Lado V
082 ## - NÚMERO DE LA CLASIFICACIÓN DECIMAL DEWEY
Número de clasificación 800
Número de ítem P419m
100 ## - ENTRADA PRINCIPAL--NOMBRE DE PERSONA
9 (RLIN) 270
Nombre de persona Peña, Alfonso
Término indicativo de función/relación editor
245 ## - MENCIÓN DEL TÍTULO
Título Materika/
260 ## - PUBLICACIÓN, DISTRIBUCIÓN, ETC.
Lugar de publicación, distribución, etc. Costa Rica
Nombre del editor, distribuidor, etc. Ediciones Andromeda
Fecha de publicación, distribución, etc. 2000
300 ## - DESCRIPCIÓN FÍSICA
Dimensiones 15.5x21cm
Extensión 67p.
366 ## - INFORMACIÓN SOBRE DISPONIBILIDAD COMERCIAL
Nota spa
490 ## - MENCIÓN DE SERIE
Mención de serie 1
Designación de volumen o secuencia 1
Número Internacional Normalizado para Publicaciones Seriadas 1409-3693
505 ## - NOTA DE CONTENIDO CON FORMATO
Nota de contenido con formato Precaria demanda, precaria concesión
505 ## - NOTA DE CONTENIDO CON FORMATO
Nota de contenido con formato La alfombra magica
505 ## - NOTA DE CONTENIDO CON FORMATO
Nota de contenido con formato Encendida uña de carey
505 ## - NOTA DE CONTENIDO CON FORMATO
Nota de contenido con formato Estaciones del olvido
505 ## - NOTA DE CONTENIDO CON FORMATO
Nota de contenido con formato La torre de la locura
505 ## - NOTA DE CONTENIDO CON FORMATO
Nota de contenido con formato Mario Camacho
505 ## - NOTA DE CONTENIDO CON FORMATO
Nota de contenido con formato Poemas
505 ## - NOTA DE CONTENIDO CON FORMATO
Nota de contenido con formato Probablemente nunca
505 ## - NOTA DE CONTENIDO CON FORMATO
Nota de contenido con formato Poemas
505 ## - NOTA DE CONTENIDO CON FORMATO
Nota de contenido con formato Publicaciones recibidas
650 ## - PUNTO DE ACCESO ADICIONAL DE MATERIA--TÉRMINO DE MATERIA
Fuente del encabezamiento o término Tesauro de Arte & Arquitectura
Término de materia o nombre geográfico como elemento de entrada POESIA
9 (RLIN) 703
650 ## - PUNTO DE ACCESO ADICIONAL DE MATERIA--TÉRMINO DE MATERIA
Fuente del encabezamiento o término Tesauro de Arte & Arquitectura
Término de materia o nombre geográfico como elemento de entrada ENTREVISTA
9 (RLIN) 702
650 ## - PUNTO DE ACCESO ADICIONAL DE MATERIA--TÉRMINO DE MATERIA
Fuente del encabezamiento o término Tesauro de Arte & Arquitectura
Término de materia o nombre geográfico como elemento de entrada LITERATURA
9 (RLIN) 702
650 ## - PUNTO DE ACCESO ADICIONAL DE MATERIA--TÉRMINO DE MATERIA
Fuente del encabezamiento o término Tesauro de Arte & Arquitectura
Término de materia o nombre geográfico como elemento de entrada NARRATIVA
650 ## - PUNTO DE ACCESO ADICIONAL DE MATERIA--TÉRMINO DE MATERIA
Fuente del encabezamiento o término Tesauro de Arte & Arquitectura
Término de materia o nombre geográfico como elemento de entrada ESPAÑOL
942 ## - ELEMENTOS DE ENTRADA SECUNDARIOS (KOHA)
Fuente del sistema de clasificación o colocación Clasificación Decimal Dewey
Tipo de ítem Koha Libros
Parte de la signatura que corresponde a la clasificación (Parte de la clasificación) 800
Parte de la signatura que identifica el ejemplar (Parte del ítem) P419m
Suprimir en OPAC No
Holdings
Estatus retirado Estado de pérdida Fuente del sistema de clasificación o colocación Especificación de materiales (volumen encuadernado u otra parte) Estado de daño No para préstamo Colección Biblioteca de origen Biblioteca actual Fecha de adquisición Enumeración/cronología de publicación seriada Número de inventario Total de préstamos Signatura topográfica completa Código de barras Visto por última vez Precio de reemplazo Tipo de ítem Koha
    Clasificación Decimal Dewey 1     Revistas Biblioteca LadoV Biblioteca LadoV 31/05/2023 1 003048   800 P419m 003048 31/05/2023 31/05/2023 Libros